[Event "EuroTeams 2007 (Women)"]
[Site "Crete, Greece"]
[Date "2007.11.03"]
[Round "6.8.1"]
[White "Paehtz, Elisabeth"]
[Black "Cmilyte, Viktorija"]
[Result "1/2-1/2"]
[WhiteElo "2452"]
[BlackElo "2464"]
[PlyCount "110"]
[EventDate "2007.10.28"]
[WhiteTeam "Germany"]
[BlackTeam "Lithuania"]
[WhiteTeamCountry "GER"]
[BlackTeamCountry "LTU"]

1. e4 e5 2. Nf3 Nc6 3. d4 exd4 4. Nxd4 Nf6 5. Nc3 Bb4 6. Nxc6 bxc6 7. Bd3 d5 8.
exd5 cxd5 9. O-O O-O 10. Bg5 c6 11. Na4 h6 12. Bh4 Re8 13. c4 Bd6 14. cxd5 cxd5
15. Nc3 Bb7 16. Qf3 Be7 17. Rae1 Qd6 18. Nb5 Qb6 19. Bxf6 Bxf6 20. Qf5 g6 21.
Qf4 Bg5 22. Qc7 Rxe1 23. Rxe1 Qxc7 24. Nxc7 Rd8 25. Re8+ Rxe8 26. Nxe8 Bf4 27.
Nf6+ Kg7 28. Ng4 d4 29. f3 f5 30. Nf2 Kf6 31. Bc4 Be3 32. Kf1 Ke5 33. Nd3+ Kd6
34. b3 g5 35. Bf7 Bc6 36. h3 a5 37. Ke2 Ke7 38. Bc4 Kd6 39. g4 Bd7 40. Bf7 Bg1
41. Bg6 fxg4 42. hxg4 Bb5 43. Bf7 Bh2 44. Bg6 Kc7 45. Bf7 Bd6 46. Bg6 Kd7 47.
Bf7 Ke7 48. Bd5 Kf6 49. Be4 Kg7 50. Kd2 Kf6 51. Ke2 Be8 52. Bd5 Bg3 53. Kd2 h5
54. gxh5 Bxh5 55. Ke2 Be8 1/2-1/2

[Event "EuroTeams 2007 (Women)"]
[Site "Crete, Greece"]
[Date "2007.11.03"]
[Round "6.8.2"]
[White "Daulyte, Deimante"]
[Black "Michna, Marta"]
[Result "1/2-1/2"]
[WhiteElo "2222"]
[BlackElo "2375"]
[PlyCount "130"]
[EventDate "2007.10.28"]
[WhiteTeam "Lithuania"]
[BlackTeam "Germany"]
[WhiteTeamCountry "LTU"]
[BlackTeamCountry "GER"]

1. e4 e6 2. d4 d5 3. Nd2 c5 4. exd5 Qxd5 5. Ngf3 cxd4 6. Bc4 Qd6 7. O-O Nf6 8.
Nb3 Nc6 9. Nbxd4 Nxd4 10. Nxd4 a6 11. b3 Qc7 12. Bb2 Bd6 13. Nf3 b5 14. Bd3 Bb7
15. c4 bxc4 16. Rc1 Rd8 17. Rxc4 Qa5 18. Rd4 Qxa2 19. Bb5+ Ke7 20. Qd2 Qxb3 21.
Bc4 Qb6 22. Rb1 Be4 23. Bd3 Bxd3 24. Rxd3 Bb4 25. Bxf6+ gxf6 26. Rxb4 Rxd3 27.
Rxb6 Rxd2 28. Nxd2 Rd8 29. Nf1 Ra8 30. Ne3 a5 31. Kf1 a4 32. Nc4 a3 33. Rb7+
Kf8 34. Rb1 a2 35. Ra1 f5 36. Ke2 Kg7 37. Ne3 Kf6 38. Nd1 Rg8 39. g3 Ra8 40.
Nc3 Ra3 41. Kd2 Kg5 42. Rxa2 Rxa2+ 43. Nxa2 Kg4 44. Nb4 Kh3 45. Nc6 Kxh2 46.
Nd8 Kg2 47. Ke2 h5 48. Nxf7 f4 49. gxf4 h4 50. Ng5 h3 51. Ne4 h2 52. Ng3 h1=Q
53. Nxh1 Kxh1 54. Kf3 Kg1 55. Kg3 Kf1 56. Kf3 Ke1 57. Ke3 Kf1 58. Kf3 Ke1 59.
Kg3 Kf1 60. f3 Ke2 61. Kg4 Ke3 62. f5 exf5+ 63. Kg3 Ke2 64. Kf4 Kf2 65. Kxf5
Kxf3 1/2-1/2

[Event "EuroTeams 2007 (Women)"]
[Site "Crete, Greece"]
[Date "2007.11.03"]
[Round "6.8.3"]
[White "Ohme, Melanie"]
[Black "Zaksaite, Salomeja"]
[Result "1-0"]
[WhiteElo "2274"]
[BlackElo "2228"]
[PlyCount "101"]
[EventDate "2007.10.28"]
[WhiteTeam "Germany"]
[BlackTeam "Lithuania"]
[WhiteTeamCountry "GER"]
[BlackTeamCountry "LTU"]

1. e4 c5 2. Nf3 Nc6 3. d4 cxd4 4. Nxd4 Nf6 5. Nc3 e5 6. Ndb5 d6 7. Bg5 a6 8.
Na3 b5 9. Nd5 Be7 10. Bxf6 Bxf6 11. c3 Bg5 12. Nc2 g6 13. h4 Bxh4 14. Rxh4 Qxh4
15. Nc7+ Ke7 16. Nxa8 Qxe4+ 17. Ne3 f5 18. Be2 Bb7 19. Nb6 Rd8 20. Qd3 Qxd3 21.
Bxd3 e4 22. Be2 Ke6 23. O-O-O f4 24. Ned5 Rf8 25. Bg4+ Kf7 26. Nxf4 Ne5 27. Be2
Ke7 28. Nh3 h6 29. Nd5+ Ke6 30. Nhf4+ Kd7 31. g3 g5 32. Nh3 Ke6 33. Ne3 d5 34.
Ng4 Nxg4 35. Bxg4+ Ke5 36. Be2 h5 37. Bxh5 Bc8 38. g4 Rf3 39. Rh1 Kf6 40. Rh2
a5 41. Ng1 Rd3 42. Kc2 b4 43. Rh3 Ba6 44. Rxd3 Bxd3+ 45. Kd2 bxc3+ 46. bxc3 Ke5
47. Ke3 Bf1 48. a3 Bg2 49. Be8 Bf1 50. Ba4 Bg2 51. Bb5 1-0

[Event "EuroTeams 2007 (Women)"]
[Site "Crete, Greece"]
[Date "2007.11.03"]
[Round "6.8.4"]
[White "Batyte, Daiva"]
[Black "Mader, Manuela"]
[Result "1-0"]
[WhiteElo "2198"]
[BlackElo "2203"]
[PlyCount "171"]
[EventDate "2007.10.28"]
[WhiteTeam "Lithuania"]
[BlackTeam "Germany"]
[WhiteTeamCountry "LTU"]
[BlackTeamCountry "GER"]

1. c4 Nf6 2. Nc3 g6 3. g3 Bg7 4. Bg2 O-O 5. Nf3 d6 6. O-O e5 7. d3 Nc6 8. Rb1
a5 9. a3 Be6 10. b4 axb4 11. axb4 Qd7 12. Ng5 h6 13. Nxe6 fxe6 14. Bd2 Kh7 15.
b5 Nd8 16. Qc2 Rb8 17. Ne4 Nf7 18. c5 Nxe4 19. Bxe4 d5 20. c6 Qe7 21. Bg2 b6
22. Bb4 Nd6 23. e4 d4 24. Ra1 Rfe8 25. Ra7 Bf8 26. Rfa1 Qf7 27. Qa4 Nc8 28. Rb7
Nd6 29. Bxd6 Bxd6 30. Qc4 Ra8 31. Raa7 Kg7 32. Ra6 Kf6 33. Qa2 Qg8 34. Bh3 Rab8
35. Qe2 Rxb7 36. cxb7 Rb8 37. Ra7 Qe8 38. Qg4 h5 39. Qf3+ Kg7 40. Qd1 c6 41.
Qb3 cxb5 42. Bxe6 Qc6 43. Bc8 b4 44. Ra1 Qc3 45. Rb1 Rxc8 46. bxc8=Q Qxc8 47.
Qc4 Qxc4 48. dxc4 Kf6 49. Rb3 Ke6 50. Kf1 Kd7 51. Ke2 Kc6 52. Kd3 Kc5 53. Rb1
Bc7 54. h3 Bd6 55. f3 Bc7 56. Rf1 g5 57. Ra1 Bd6 58. Ra8 b3 59. Rd8 Bc7 60. Rd7
Bd6 61. h4 gxh4 62. gxh4 Bb8 63. Rd5+ Kc6 64. Rb5 Bc7 65. Rxb3 Bd8 66. Rb1 Bxh4
67. Rh1 Bg3 68. Rxh5 Kc5 69. Rh8 Kc6 70. Rd8 Kc7 71. Rg8 Bf4 72. Rg6 Bh2 73.
Kc2 Bf4 74. Kb3 Be3 75. Re6 Bf4 76. c5 bxc5 77. Kc4 Kd7 78. Ra6 Ke7 79. Ra5 Kf6
80. Rxc5 Kg5 81. Rc8 Be3 82. Rf8 Bf4 83. Rf5+ Kh4 84. Rxf4+ exf4 85. e5 Kg3 86.
e6 1-0

[Event "EuroTeams 2007 (Women)"]
[Site "Crete, Greece"]
[Date "2007.11.03"]
[Round "6.9.1"]
[White "Drljevic, Ljilja"]
[Black "Golubenko, Valentina"]
[Result "1-0"]
[WhiteElo "2270"]
[BlackElo "2264"]
[PlyCount "97"]
[EventDate "2007.10.28"]
[WhiteTeam "MNE"]
[BlackTeam "Croatia"]
[BlackTeamCountry "CRO"]

1. e4 d5 2. exd5 Nf6 3. Bb5+ Bd7 4. Bc4 Bg4 5. f3 Bf5 6. Nc3 c6 7. dxc6 Nxc6 8.
d3 e6 9. Be3 Nd5 10. Bf2 Nf4 11. g3 Nd5 12. Nge2 Bb4 13. Qd2 O-O 14. h4 Ne5 15.
Bxd5 exd5 16. Qf4 Bxc3+ 17. Nxc3 Re8 18. O-O-O Bd7 19. Rhe1 Ng6 20. Qd4 Be6 21.
h5 Qg5+ 22. Kb1 Qxh5 23. g4 Qg5 24. Nb5 Qd8 25. Bg3 Re7 26. Nd6 Rd7 27. Nf5
Bxf5 28. gxf5 Nf8 29. Bh4 f6 30. Rg1 Kh8 31. Rd2 Qb6 32. Qg4 Re8 33. Bf2 Qa5
34. c3 Rde7 35. Re2 Qb5 36. Rd2 Qd7 37. Bh4 Re5 38. Rdg2 Rxf5 39. Qxg7+ Qxg7
40. Rxg7 Ng6 41. Rxb7 Nxh4 42. Rh1 Rf4 43. Rxa7 h6 44. Rd7 d4 45. c4 Nf5 46. c5
Re7 47. c6 Re6 48. c7 Rc6 49. Rc1 1-0

[Event "EuroTeams 2007 (Women)"]
[Site "Crete, Greece"]
[Date "2007.11.03"]
[Round "6.9.2"]
[White "Medic, Mirjana"]
[Black "Vojinovic, Jovana"]
[Result "1/2-1/2"]
[WhiteElo "2240"]
[BlackElo "2227"]
[PlyCount "82"]
[EventDate "2007.10.28"]
[WhiteTeam "Croatia"]
[BlackTeam "MNE"]
[WhiteTeamCountry "CRO"]

1. d4 e6 2. c4 f5 3. g3 Nf6 4. Bg2 d5 5. Nf3 c6 6. O-O Bd6 7. b3 Qe7 8. Bb2 b6
9. Qc2 O-O 10. Ne5 Bb7 11. Nd2 a5 12. Nd3 Na6 13. Rac1 Nb4 14. Qb1 Ne4 15. Nf3
f4 16. a3 Nxd3 17. exd3 Ng5 18. Rce1 Nxf3+ 19. Bxf3 Rf6 20. a4 Raf8 21. Qd1 Rg6
22. Bh5 Rh6 23. Bg4 Bc8 24. Kg2 Qg5 25. Re5 Bxe5 26. dxe5 Rg6 27. Bh5 Qh6 28.
Bxg6 f3+ 29. Kh1 hxg6 30. Rg1 c5 31. Bc1 Qh5 32. d4 dxc4 33. bxc4 Rd8 34. g4
Qh4 35. Be3 Bb7 36. Qa1 Qe7 37. dxc5 bxc5 38. h3 Qc7 39. Rd1 Rxd1+ 40. Qxd1
Qxe5 41. Qd8+ Kh7 1/2-1/2

[Event "EuroTeams 2007 (Women)"]
[Site "Crete, Greece"]
[Date "2007.11.03"]
[Round "6.9.3"]
[White "Mijovic, Aleksandra"]
[Black "Franciskovic, Borka"]
[Result "1-0"]
[WhiteElo "2198"]
[BlackElo "2227"]
[PlyCount "91"]
[EventDate "2007.10.28"]
[WhiteTeam "MNE"]
[BlackTeam "Croatia"]
[BlackTeamCountry "CRO"]

1. e4 c6 2. d4 d5 3. Nc3 dxe4 4. Nxe4 Bf5 5. Ng3 Bg6 6. h4 h6 7. h5 Bh7 8. Nf3
Nd7 9. Bd3 Bxd3 10. Qxd3 e6 11. Bf4 Qa5+ 12. Bd2 Bb4 13. c3 Be7 14. c4 Qc7 15.
O-O-O Ngf6 16. Ne4 O-O 17. Nxf6+ Nxf6 18. g4 Nxg4 19. Rhg1 f5 20. Ne5 Nxf2 21.
Qe2 Nxd1 22. Bxh6 Bf6 23. Bxg7 Kh7 24. h6 Qd8 25. Qxd1 Bxe5 26. Bxe5 Rg8 27.
Bg7 Qh4 28. Qe2 Rae8 29. Qe5 c5 30. Rd1 cxd4 31. Rxd4 Qg5+ 32. Kc2 Qg2+ 33. Rd2
Qc6 34. b3 Rd8 35. Re2 Rde8 36. Qf6 e5 37. Qf7 Qg6 38. Qxb7 f4+ 39. Kb2 Rxg7
40. hxg7 Qh6 41. Qf7 Rg8 42. Rxe5 Rxg7 43. Qf5+ Qg6 44. Qxf4 Qg2+ 45. Ka3 Qc6
46. Qe4+ 1-0

[Event "EuroTeams 2007 (Women)"]
[Site "Crete, Greece"]
[Date "2007.11.03"]
[Round "6.9.4"]
[White "Sargac, Rajna"]
[Black "Misovic, Sanja"]
[Result "1-0"]
[WhiteElo "2170"]
[BlackElo "1876"]
[PlyCount "80"]
[EventDate "2007.10.28"]
[WhiteTeam "Croatia"]
[BlackTeam "MNE"]
[WhiteTeamCountry "CRO"]

1. d4 Nf6 2. Nf3 e6 3. e3 c5 4. Bd3 Nc6 5. O-O b6 6. c4 cxd4 7. exd4 d5 8. cxd5
Nxd5 9. Nc3 Nxc3 10. bxc3 Bb7 11. Be4 Qc7 12. d5 exd5 13. Bxd5 Be7 14. Ng5 O-O
15. Qh5 Bxg5 16. Qxg5 Na5 17. Bf4 Qd8 18. c4 Qxg5 19. Bxg5 Rac8 20. Rfe1 Rfe8
21. Bd2 Bxd5 22. cxd5 Red8 23. Rac1 Rxc1 24. Rxc1 f6 25. Bxa5 bxa5 26. Rc5 a4
27. g3 Kf8 28. Kg2 Rd7 29. Kf3 Ke7 30. Ra5 a3 31. Ke4 Kd6 32. Kd4 h6 33. Ra6+
Ke7 34. Rxa3 Rc7 35. Ra6 Kd7 36. h4 h5 37. Ke4 Rc4+ 38. Kf5 Rc2 39. Rxa7+ Kd6
40. f4 Kxd5 1-0

[Event "EuroTeams 2007 (Women)"]
[Site "Crete, Greece"]
[Date "2007.11.03"]
[Round "6.10.1"]
[White "Klinova, Masha"]
[Black "Atalik, Ekaterina"]
[Result "1/2-1/2"]
[WhiteElo "2326"]
[BlackElo "2404"]
[PlyCount "39"]
[EventDate "2007.10.28"]
[WhiteTeam "Israel"]
[BlackTeam "Turkey"]
[WhiteTeamCountry "ISR"]
[BlackTeamCountry "TUR"]

1. e4 e5 2. Nf3 Nf6 3. Nxe5 d6 4. Nf3 Nxe4 5. Qe2 Qe7 6. d3 Nf6 7. Bg5 Nbd7 8.
Nc3 Qxe2+ 9. Bxe2 h6 10. Bd2 Nb6 11. O-O-O Bd7 12. h3 g6 13. Nh2 Bg7 14. Bf3
O-O-O 15. Ng4 Bc6 16. Bxc6 bxc6 17. Nxf6 Bxf6 18. Ne4 Bg7 19. Bc3 Bxc3 20. Nxc3
1/2-1/2

[Event "EuroTeams 2007 (Women)"]
[Site "Crete, Greece"]
[Date "2007.11.03"]
[Round "6.10.2"]
[White "Topel, Zehra"]
[Black "Borsuk, Angela"]
[Result "0-1"]
[WhiteElo "2246"]
[BlackElo "2301"]
[PlyCount "72"]
[EventDate "2007.10.28"]
[WhiteTeam "Turkey"]
[BlackTeam "Israel"]
[WhiteTeamCountry "TUR"]
[BlackTeamCountry "ISR"]

1. d4 d6 2. Nf3 Nf6 3. c4 g6 4. Nc3 Bg7 5. g3 O-O 6. Bg2 Nbd7 7. O-O c6 8. Qc2
e5 9. h3 Re8 10. dxe5 dxe5 11. Rd1 Qc7 12. e4 Nf8 13. c5 Ne6 14. Be3 Nd7 15.
Na4 b5 16. cxb6 axb6 17. Rac1 b5 18. Nc3 Qa5 19. a3 Nb6 20. b4 Qa6 21. a4 Nxa4
22. Nxa4 bxa4 23. Rd6 Qb7 24. Rxc6 Qxb4 25. Rb6 Qe7 26. Qc6 Bd7 27. Qd5 Red8
28. Rb7 Qe8 29. Nxe5 Bc8 30. Rxc8 Raxc8 31. Qa5 Nc5 32. Rb5 Bxe5 33. Bxc5 Ra8
34. Qb4 a3 35. Ra5 Rxa5 36. Qxa5 Ra8 0-1

[Event "EuroTeams 2007 (Women)"]
[Site "Crete, Greece"]
[Date "2007.11.03"]
[Round "6.11.1"]
[White "Mamedjarova, Zeinab"]
[Black "Houska, Jovanka"]
[Result "1-0"]
[WhiteElo "2326"]
[BlackElo "2404"]
[PlyCount "51"]
[EventDate "2007.10.28"]
[WhiteTeam "Azerbaijan"]
[BlackTeam "England"]
[WhiteTeamCountry "AZE"]
[BlackTeamCountry "ENG"]

1. d4 Nf6 2. Nf3 d5 3. c4 e6 4. Bf4 Be7 5. e3 O-O 6. Bd3 c5 7. O-O Nc6 8. Nc3
b6 9. cxd5 exd5 10. Ne5 Bb7 11. Qf3 Nxe5 12. dxe5 Ne8 13. Rfd1 Nc7 14. Bh6 f5
15. exf6 Rxf6 16. Bf4 Qc8 17. Qg3 Ne6 18. Be5 Rf7 19. f4 Bf6 20. Qh3 Nf8 21.
Bf5 Qd8 22. Nxd5 Bxd5 23. e4 Bxe5 24. fxe5 g6 25. Rxd5 Qe8 26. Qg3 {35 moves}
1-0

[Event "EuroTeams 2007 (Women)"]
[Site "Crete, Greece"]
[Date "2007.11.03"]
[Round "6.11.2"]
[White "Ciuksyte, Dagne"]
[Black "Kadimova, Ilaha"]
[Result "0-1"]
[WhiteElo "2411"]
[BlackElo "2311"]
[PlyCount "54"]
[EventDate "2007.10.28"]
[WhiteTeam "England"]
[BlackTeam "Azerbaijan"]
[WhiteTeamCountry "ENG"]
[BlackTeamCountry "AZE"]

1. e4 c6 2. d4 d5 3. Nd2 dxe4 4. Nxe4 Bf5 5. Ng3 Bg6 6. h4 h6 7. Nf3 Nd7 8. h5
Bh7 9. Bd3 Bxd3 10. Qxd3 e6 11. Bf4 Qa5+ 12. Bd2 Qc7 13. O-O-O Ngf6 14. Qe2 c5
15. Rh4 cxd4 16. Nxd4 Bc5 17. Nb3 O-O 18. Nxc5 Qxc5 19. Rc4 Qb5 20. Bxh6 Nb6
21. Rg4 Qxe2 22. Rxg7+ Kh8 23. Nxe2 Ng8 24. Rxg8+ Rxg8 25. g3 Nd5 26. Bd2 Kh7
27. f3 f5 {63 moves} 0-1

[Event "EuroTeams 2007 (Women)"]
[Site "Crete, Greece"]
[Date "2007.11.03"]
[Round "6.11.3"]
[White "Mamedjarova, Turkan"]
[Black "Lauterbach, Ingrid"]
[Result "1/2-1/2"]
[WhiteElo "2250"]
[BlackElo "2124"]
[PlyCount "23"]
[EventDate "2007.10.28"]
[WhiteTeam "Azerbaijan"]
[BlackTeam "England"]
[WhiteTeamCountry "AZE"]
[BlackTeamCountry "ENG"]

1. e4 c5 2. c3 Nf6 3. e5 Nd5 4. d4 cxd4 5. Qxd4 e6 6. Nf3 d6 7. Bb5+ Bd7 8.
Bxd7+ Qxd7 9. exd6 Nc6 10. Qg4 Nf6 11. Qh4 Bxd6 12. O-O {65 moves} 1/2-1/2

[Event "EuroTeams 2007 (Women)"]
[Site "Crete, Greece"]
[Date "2007.11.03"]
[Round "6.11.4"]
[White "Chevannes, Sabrina L"]
[Black "Umudova, Nargiz"]
[Result "0-1"]
[WhiteElo "2073"]
[BlackElo "2188"]
[PlyCount "92"]
[EventDate "2007.10.28"]
[WhiteTeam "England"]
[BlackTeam "Azerbaijan"]
[WhiteTeamCountry "ENG"]
[BlackTeamCountry "AZE"]

1. d4 Nf6 2. Nf3 g6 3. Nc3 d5 4. Bf4 Bg7 5. Qd2 h6 6. h3 a6 7. Ne5 b6 8. e3 Bb7
9. Be2 c5 10. O-O O-O 11. f3 e6 12. dxc5 bxc5 13. Na4 Nfd7 14. Nxd7 Nxd7 15.
Bd6 Re8 16. Nxc5 Nxc5 17. Bxc5 Rc8 18. Ba3 Qh4 19. Rab1 Qg3 20. Bd3 e5 21. e4
d4 22. b4 Bf6 23. Qf2 Qg5 24. Bc1 Qh5 25. Kh2 g5 26. b5 axb5 27. Bxb5 Bc6 28.
a4 Re7 29. Ba3 Rec7 30. Rb2 Qg6 31. Rfb1 h5 32. Bxc6 Rxc6 33. Rb8 g4 34. a5 Bg5
35. Rxc8+ Rxc8 36. Bc1 d3 37. Bxg5 dxc2 38. Rc1 Qxg5 39. Qe1 Qf4+ 40. Kh1 gxf3
41. gxf3 Qxf3+ 42. Kh2 Rc3 43. Qh4 Qe2+ 44. Kh1 Qd2 45. Rg1+ Kf8 46. Qxh5 Qf4
0-1

[Event "EuroTeams 2007 (Women)"]
[Site "Crete, Greece"]
[Date "2007.11.03"]
[Round "6.12.1"]
[White "Sammalvuo, Niina"]
[Black "Kulovana, Eva"]
[Result "0-1"]
[WhiteElo "2254"]
[BlackElo "2305"]
[PlyCount "136"]
[EventDate "2007.10.28"]
[WhiteTeam "Finland"]
[BlackTeam "Czech Republic"]
[WhiteTeamCountry "FIN"]
[BlackTeamCountry "CZE"]

1. e4 c6 2. d3 d5 3. Nd2 g6 4. Ngf3 Bg7 5. Be2 e5 6. O-O Ne7 7. b3 O-O 8. Bb2
Qc7 9. Re1 a5 10. Bf1 d4 11. c3 c5 12. Rc1 dxc3 13. Rxc3 b6 14. Qa1 Nbc6 15. a3
Qb8 16. Rcc1 f6 17. Nc4 Be6 18. Nfd2 a4 19. Qb1 Bh6 20. Rc2 Bxd2 21. Nxd2 axb3
22. Rcc1 Nd4 23. Bxd4 cxd4 24. Nxb3 Rxa3 25. Nd2 Rc3 26. Qb4 Qc7 27. Rxc3 dxc3
28. Rc1 Rc8 29. Nc4 Rb8 30. Rxc3 Nc6 31. Qb2 Nd4 32. Ne3 Qd7 33. Qb4 b5 34. Rc5
Rc8 35. Nd5 Bxd5 36. exd5 Rxc5 37. Qxc5 Kf7 38. g3 b4 39. Qxb4 Qxd5 40. Qc4
Qxc4 41. dxc4 Ke6 42. Bg2 Kd6 43. h4 h6 44. Bd5 Kc5 45. Kg2 g5 46. hxg5 hxg5
47. Bf7 Nf5 48. g4 Nd6 49. Be6 e4 50. Kf1 Nxc4 51. Ke2 Kd4 52. Bg8 Nd6 53. Bb3
Nc4 54. Ba2 Ne5 55. Be6 Ng6 56. Bd7 Nh4 57. Be8 Ke5 58. Ke3 Ng2+ 59. Ke2 Kf4
60. Bc6 Nh4 61. Bb7 Nf3 62. Bd5 Ne5 63. Bb7 Nxg4 64. f3 exf3+ 65. Bxf3 f5 66.
Bb7 Kg3 67. Kf1 f4 68. Ke2 Nh2 0-1

[Event "EuroTeams 2007 (Women)"]
[Site "Crete, Greece"]
[Date "2007.11.03"]
[Round "6.12.2"]
[White "Nemcova, Katerina"]
[Black "Rantanen, Tanja"]
[Result "1-0"]
[WhiteElo "2255"]
[BlackElo "2089"]
[PlyCount "73"]
[EventDate "2007.10.28"]
[WhiteTeam "Czech Republic"]
[BlackTeam "Finland"]
[WhiteTeamCountry "CZE"]
[BlackTeamCountry "FIN"]

1. e4 e5 2. Nf3 Nf6 3. Nxe5 d6 4. Nf3 Nxe4 5. d4 d5 6. Bd3 Be7 7. O-O O-O 8. c4
Nf6 9. h3 dxc4 10. Bxc4 Nd5 11. Nc3 Be6 12. Qb3 Nxc3 13. bxc3 Bxc4 14. Qxc4 Nd7
15. Re1 Nb6 16. Qb3 Bf6 17. Bf4 Qd5 18. Bxc7 Qxb3 19. axb3 Nd5 20. Ba5 b6 21.
c4 bxa5 22. cxd5 Rfb8 23. Rxa5 Rxb3 24. Rxa7 Rd8 25. Ne5 h6 26. Nxf7 Rxd5 27.
Nxh6+ Kh7 28. Ng4 Bxd4 29. Rf7 Kg6 30. Rf4 Kg5 31. Rfe4 Bb6 32. Re7 g6 33. Kh2
Rf5 34. R1e5 Bc5 35. R7e6 Bb6 36. g3 Bd4 37. f4+ 1-0

[Event "EuroTeams 2007 (Women)"]
[Site "Crete, Greece"]
[Date "2007.11.03"]
[Round "6.12.3"]
[White "Puuska, Heini"]
[Black "Blazkova, Petra"]
[Result "1/2-1/2"]
[WhiteElo "2016"]
[BlackElo "2239"]
[PlyCount "51"]
[EventDate "2007.10.28"]
[WhiteTeam "Finland"]
[BlackTeam "Czech Republic"]
[WhiteTeamCountry "FIN"]
[BlackTeamCountry "CZE"]

1. d4 Nf6 2. Nf3 e6 3. e3 b6 4. Bd3 Bb7 5. O-O Be7 6. Nbd2 c5 7. b3 O-O 8. c4
cxd4 9. Nxd4 Nc6 10. Bb2 d5 11. Nxc6 Bxc6 12. Qe2 dxc4 13. Bxc4 b5 14. Bd3 Qd5
15. e4 Qh5 16. f3 Rfd8 17. Rac1 Rac8 18. Rfd1 Nd7 19. Nf1 b4 20. Bd4 Bc5 21.
Ba6 Bb5 22. Bxb5 Bxd4+ 23. Rxd4 Rxc1 24. Rxd7 Rxd7 25. Bxd7 Qc5+ 26. Qf2
1/2-1/2

[Event "EuroTeams 2007 (Women)"]
[Site "Crete, Greece"]
[Date "2007.11.03"]
[Round "6.12.4"]
[White "Hodova, Lucie"]
[Black "Rautanen, Sari"]
[Result "0-1"]
[WhiteElo "2089"]
[BlackElo "1961"]
[PlyCount "72"]
[EventDate "2007.10.28"]
[WhiteTeam "Czech Republic"]
[BlackTeam "Finland"]
[WhiteTeamCountry "CZE"]
[BlackTeamCountry "FIN"]

1. e4 d6 2. d4 Nf6 3. Nc3 g6 4. f4 Bg7 5. Nf3 c5 6. dxc5 Qa5 7. Bd3 Qxc5 8. Qe2
Bg4 9. Be3 Qa5 10. O-O O-O 11. h3 Bxf3 12. Qxf3 Nc6 13. a3 Nd7 14. Bd2 Qd8 15.
Kh1 e6 16. Rae1 Rc8 17. Qg3 a6 18. f5 Be5 19. Qg4 Nf6 20. Qd1 Nh5 21. Ne2 Nd4
22. Nf4 Ng3+ 23. Kg1 Nxf1 24. Rxf1 Qb6 25. Kh1 Qxb2 26. Qg4 Rxc2 27. Bxc2 Qxc2
28. Bc1 exf5 29. Qg5 Qxe4 30. Qh6 Ne2 31. Nxe2 Qxe2 32. Rg1 Rc8 33. Bg5 Bg7 34.
Qh4 Qe4 35. Qg3 Be5 36. Qf2 Bd4 0-1

[Event "EuroTeams 2007 (Women)"]
[Site "Crete, Greece"]
[Date "2007.11.03"]
[Round "6.13.1"]
[White "Moser, Eva"]
[Black "Seps, Monika"]
[Result "0-1"]
[WhiteElo "2412"]
[BlackElo "2290"]
[PlyCount "78"]
[EventDate "2007.10.28"]
[WhiteTeam "Austria"]
[BlackTeam "Switzerland"]
[WhiteTeamCountry "AUT"]
[BlackTeamCountry "SUI"]

1. g3 Nf6 2. Bg2 g6 3. d4 Bg7 4. e4 d6 5. Ne2 O-O 6. h3 e5 7. Nbc3 Nc6 8. Be3
Bd7 9. O-O exd4 10. Nxd4 Re8 11. Nde2 b5 12. a3 a5 13. g4 b4 14. axb4 axb4 15.
Rxa8 Qxa8 16. Nd5 Qa5 17. Ng3 Ne5 18. b3 Bc6 19. Re1 Ned7 20. Nxf6+ Bxf6 21.
Bd4 Bxd4 22. Qxd4 Qc5 23. Qd2 Ra8 24. Kh2 Ra2 25. Rc1 Nf8 26. f4 Ne6 27. f5 Nd4
28. Qg5 Qe5 29. Qd8+ Kg7 30. Rf1 Be8 31. g5 Rxc2 32. f6+ Kf8 33. Kh1 Nc6 34.
Qxc7 Qxg3 35. Rg1 Qe5 36. Rd1 Qxg5 37. Qxd6+ Kg8 38. Bf1 Rf2 39. Qxc6 Rxf1+ 0-1

[Event "EuroTeams 2007 (Women)"]
[Site "Crete, Greece"]
[Date "2007.11.03"]
[Round "6.13.2"]
[White "Hund, Barbara"]
[Black "Kopinits, Anna-Christina"]
[Result "0-1"]
[WhiteElo "2216"]
[BlackElo "2178"]
[PlyCount "74"]
[EventDate "2007.10.28"]
[WhiteTeam "Switzerland"]
[BlackTeam "Austria"]
[WhiteTeamCountry "SUI"]
[BlackTeamCountry "AUT"]

1. e4 c5 2. Nf3 Nc6 3. d4 cxd4 4. Nxd4 Nf6 5. Nc3 e5 6. Ndb5 d6 7. Bg5 a6 8.
Na3 b5 9. Nd5 Be7 10. Bxf6 Bxf6 11. c3 Ne7 12. Nxe7 Qxe7 13. Nc2 Bg5 14. a4
bxa4 15. Rxa4 O-O 16. Bc4 Qb7 17. O-O Qxb2 18. Qd3 Qb6 19. Rd1 Bb7 20. Nb4 a5
21. Nd5 Qc5 22. Rb1 Bc6 23. Bb5 Bxd5 24. exd5 Qa7 25. h4 Bd8 26. h5 Bb6 27. Ra2
f5 28. Qh3 Rab8 29. Rbb2 Bxf2+ 30. Rxf2 Rxb5 31. Kh2 Rb1 32. Qd3 Ra1 33. Rab2
Qe7 34. Qh3 Qg5 35. Rb7 h6 36. Rd7 Qc1 37. Rxf5 Qh1+ 0-1

[Event "EuroTeams 2007 (Women)"]
[Site "Crete, Greece"]
[Date "2007.11.03"]
[Round "6.13.3"]
[White "Mira, Helene"]
[Black "Heinatz, Dr  Gundula"]
[Result "0-1"]
[WhiteElo "2174"]
[BlackElo "2193"]
[PlyCount "68"]
[EventDate "2007.10.28"]
[WhiteTeam "Austria"]
[BlackTeam "Switzerland"]
[WhiteTeamCountry "AUT"]
[BlackTeamCountry "SUI"]

1. d4 d5 2. Nf3 Nf6 3. c4 c6 4. Nc3 dxc4 5. a4 Bg4 6. e3 e5 7. Bxc4 Bxf3 8.
gxf3 exd4 9. exd4 Bb4 10. Qb3 Qe7+ 11. Be3 O-O 12. O-O a5 13. Bf4 Bd6 14. Rfe1
Qc7 15. Bg3 Na6 16. Ne4 Nxe4 17. fxe4 Bxg3 18. fxg3 Nb4 19. Rf1 Qd7 20. Rad1 b5
21. axb5 cxb5 22. Be2 Rac8 23. e5 Rc2 24. Rf2 Qe6 25. Qxe6 fxe6 26. Rxf8+ Kxf8
27. Bxb5 Rxb2 28. Ra1 Nc2 29. Rxa5 Nxd4 30. Bd3 Nf3+ 31. Kf1 Nxh2+ 32. Kg1 Nf3+
33. Kf1 g6 34. Bc4 Nd2+ 0-1

[Event "EuroTeams 2007 (Women)"]
[Site "Crete, Greece"]
[Date "2007.11.03"]
[Round "6.14.2"]
[White "Andersson, Christin"]
[Black "Petraki, Maria"]
[Result "1-0"]
[WhiteElo "2209"]
[BlackElo "2099"]
[PlyCount "137"]
[EventDate "2007.10.28"]
[WhiteTeam "Sweden"]
[BlackTeam "GRE2"]
[WhiteTeamCountry "SWE"]

1. e4 g6 2. Nf3 Bg7 3. d4 d6 4. Bc4 e6 5. O-O Ne7 6. c3 O-O 7. Re1 Nd7 8. Nbd2
a6 9. Nf1 b5 10. Bb3 c5 11. Bf4 c4 12. Bc2 Qb6 13. a4 Bb7 14. axb5 axb5 15. Qd2
Rad8 16. b3 e5 17. Be3 Qc7 18. bxc4 bxc4 19. Qe2 d5 20. Ra7 Nc6 21. Ra4 Nb6 22.
Ra2 dxe4 23. Bxe4 exd4 24. cxd4 Rde8 25. Bxc6 Qxc6 26. Rd1 Nd5 27. Rc1 c3 28.
Qd1 Nb4 29. Ra3 Nd5 30. Qd3 f5 31. Bd2 Qd6 32. Raxc3 Nxc3 33. Bxc3 Be4 34. Qd1
Rd8 35. N1d2 Bd5 36. Rb1 Rfe8 37. h3 Rc8 38. Bb4 Qc7 39. Bc5 Qd7 40. Rb6 Bxf3
41. gxf3 Qf7 42. Kg2 Rcd8 43. Qa4 Re6 44. Rb4 Qf6 45. Qb3 Qg5+ 46. Kf1 Rde8 47.
Rb6 Qf6 48. f4 Qf7 49. Nf3 Rxb6 50. Qxb6 Qc4+ 51. Kg2 Qd5 52. Qc7 Bf8 53. Kg3
Qd8 54. Qb7 Bxc5 55. Qb3+ Kg7 56. dxc5 Qe7 57. c6 Qf7 58. Qc2 Rd8 59. Ne5 Qd5
60. Qb2 Kg8 61. Qb7 Rf8 62. Qe7 Qh1 63. Nf3 Qc1 64. c7 Qc3 65. Qe6+ Kg7 66.
Qd7+ Kg8 67. h4 Qc1 68. Ng5 Qc3+ 69. Kh2 1-0